000 00217 a2200097 4500
001 28406
100 _aHoronjee, R
245 _aPlanning and design of Air Ports
260 _a
_bMcGraw-Hill
_c
090 _c19012
_d19012
942 _aNUST-CAE
_cM
_c10017
999 _c263479
_d263479